[Event "South Australia-ch"]
[Site "Adelaide"]
[Date "2017.02.14"]
[Round "2"]
[White "Lee, Aaron James"]
[Black "Courtney, Michael"]
[Result "1-0"]
[WhiteElo "1664"]
[BlackElo "1786"]
[PlyCount "57"]
[EventDate "2017.02.07"]
[EventType "tourn"]
[EventRounds "9"]
[EventCountry "AUS"]
[SourceTitle "EXT 2023"]
[Source "ChessBase"]
[SourceDate "2022.10.05"]
[SourceVersion "1"]
[SourceVersionDate "2022.10.05"]
[SourceQuality "1"]

1. e4 e5 2. Nf3 Nc6 3. d4 exd4 4. Bc4 Bb4+ 5. c3 dxc3 6. bxc3 Ba5 7. 0-0 d6 8. Qb3 Qe7 9. Re1 Ne5 10. Nxe5 Qxe5 11. Bxf7+ Kf8 12. f4 Qf6 13. Bxg8 Rxg8 14. e5 Bb6+ 15. Be3 Bxe3+ 16. Rxe3 dxe5 17. fxe5 Qh6 18. Qa3+ Ke8 19. c4 Bf5 20. c5 Qg6 21. Nc3 c6 22. Qb4 Rb8 23. e6 Ke7 24. Qf4 Rgd8 25. Qc7+ Ke8 26. Rf1 h5 27. Qf4 Bxe6 28. Ne4 Rbc8 29. Qf8+ 1-0

[Event "Australian op"]
[Site "Brisbane"]
[Date "2017.01.03"]
[Round "2"]
[White "Tanti, Joseph G"]
[Black "Courtney, Michael"]
[Result "0-1"]
[WhiteElo "1853"]
[BlackElo "1700"]
[PlyCount "54"]
[EventDate "2017.01.02"]
[EventType "swiss"]
[EventRounds "11"]
[EventCountry "AUS"]
[SourceTitle "CBM 176 Extra"]
[Source "ChessBase"]
[SourceDate "2017.03.02"]
[SourceVersion "1"]
[SourceVersionDate "2017.03.02"]
[SourceQuality "1"]

1. a3 Nf6 2. d4 g6 3. Nc3 d5 4. Bg5 Bg7 5. f3 0-0 6. e4 dxe4 7. fxe4 c6 8. Be2 Re8 9. e5 Nd5 10. Ne4 f6 11. c4 fxg5 12. cxd5 h6 13. d6 Be6 14. Nf3 Nd7 15. Nfxg5 hxg5 16. Nxg5 exd6 17. Nxe6 Rxe6 18. Qb3 Qa5+ 19. Kf2 Rf8+ 20. Kg3 Bxe5+ 21. Kh3 Rfe8 22. Bg4 Bxd4 23. Rae1 Nc5 24. Qc4 Kh7 25. Bxe6 Nxe6 26. Rxe6 Qf5+ 27. Kg3 Bf2# 0-1

[Event "Australian op"]
[Site "Brisbane"]
[Date "2017.01.02"]
[Round "1"]
[White "Courtney, Michael"]
[Black "Truscott, Anthony J"]
[Result "0-1"]
[WhiteElo "1700"]
[BlackElo "2084"]
[PlyCount "78"]
[EventDate "2017.01.02"]
[EventType "swiss"]
[EventRounds "11"]
[EventCountry "AUS"]
[SourceTitle "CBM 176 Extra"]
[Source "ChessBase"]
[SourceDate "2017.03.02"]
[SourceVersion "1"]
[SourceVersionDate "2017.03.02"]
[SourceQuality "1"]

1. e4 c6 2. d3 d5 3. Nd2 e5 4. Ngf3 Nd7 5. g3 Ngf6 6. Bg2 Bd6 7. 0-0 0-0 8. c3 Re8 9. Qc2 h6 10. a4 a5 11. Re1 Qc7 12. d4 dxe4 13. Nxe5 c5 14. Nxd7 Bxd7 15. Nxe4 Nxe4 16. Bxe4 cxd4 17. Bd2 Rac8 18. Rac1 Qb6 19. b3 dxc3 20. Bxc3 Be6 21. Qd2 Ba3 22. Rb1 Bb4 23. Bxb4 axb4 24. Qe3 Qxe3 25. Rxe3 b6 26. Rbe1 Rc5 27. Bd3 Rd8 28. Bb5 Rd2 29. Rxe6 fxe6 30. Rxe6 Rc1+ 31. Kg2 Rcc2 32. Rxb6 Rxf2+ 33. Kh3 h5 34. Rb8+ Rf8 35. Rxf8+ Kxf8 36. Bd7 Ke7 37. Bf5 Rc3 38. Kh4 Rxb3 39. Kxh5 Kf6 0-1

[Event "Adelaide Labour Day op"]
[Site "Adelaide"]
[Date "2010.10.02"]
[Round "2"]
[White "MacAdam, Alex"]
[Black "Courtney, Michael"]
[Result "0-1"]
[WhiteElo "1143"]
[BlackElo "1380"]
[PlyCount "42"]
[EventDate "2010.10.02"]
[EventType "swiss"]
[EventRounds "6"]
[EventCountry "AUS"]
[SourceTitle "EXT 2023"]
[Source "ChessBase"]
[SourceDate "2022.10.05"]
[SourceVersion "1"]
[SourceVersionDate "2022.10.05"]
[SourceQuality "1"]

1. d4 Nf6 2. c4 g6 3. Nc3 Bg7 4. e4 0-0 5. Nf3 d6 6. Be2 e5 7. 0-0 Nbd7 8. d5 Nc5 9. Qc2 a5 10. Be3 Nfd7 11. a3 a4 12. Nd2 f5 13. f4 exf4 14. Rxf4 Be5 15. Rf2 Qh4 16. Nf3 Qe7 17. exf5 Bxh2+ 18. Kxh2 Qxe3 19. Raf1 Rxf5 20. Bd1 Nf6 21. Re2 Rh5+ 0-1